Optimización del sistema de enfriamiento de producción de agua helada del proceso de fraccionamiento de aceite de palma de Compañía Numar

Gespeichert in:
Bibliographische Detailangaben
1. Verfasser: Cambronero Arias, Randal
Weitere Verfasser: Losilla Yamasaki, Juan Carlos, Maroto Solorzano, Mario
Format: Buch
Sprache:Spanish
Veröffentlicht: [San José, Costa Rica] 2015
Schlagworte:
Tags: Tag hinzufügen
Keine Tags, Fügen Sie den ersten Tag hinzu!

MARC

LEADER 00000nam a22000007a 4500
003 012234
005 20221231143911.0
008 150806b2015 cr a|||| |||| 00| 0 spa d
040 |c cru CEDI 
090 |a TFG 7399 
100 |9 1102  |a Cambronero Arias, Randal 
245 |a Optimización del sistema de enfriamiento de producción de agua helada del proceso de fraccionamiento de aceite de palma de Compañía Numar 
260 |a [San José, Costa Rica]  |c 2015 
500 |a Proyecto de graduación (licenciatura en ingeniería mecánica)--Universidad de Costa Rica. Facultad de Ingeniería. Escuela de Ingeniería Mecánica 
650 |x COMPAÑIA NUMAR (COSTA RICA)  |x ENERGIA ELECTRICA  |x APLICACIONES INDUSTRIALES  |x SISTEMA DE ENFRIAMIENTO  |x CONSUMO DE ENERGIA  |x MEDICIONES  |x REFRIGERACION  |9 993 
700 |9 991  |a Losilla Yamasaki, Juan Carlos 
700 |9 992  |a Maroto Solorzano, Mario  
942 |c TFG 
999 |c 13938  |d 13938